Detalles MARC
| 000 -CABECERA |
| fixed length control field |
02575Cam#a2200421#a#4500 |
| 003 - CONTROL NUMBER IDENTIFIER |
| control field |
AR-BeUNQ |
| 005 - FECHA Y HORA DE LA ULTIMA TRANSACCION |
| control field |
20240819201745.0 |
| 008 - ELEMENTOS DE LONGITUD FIJA-INFORMACION GENERAL |
| fixed length control field |
240819s2012 ag aob j f 000 0 spa d |
| 020 ## - NUMERO INTERNACIONAL NORMALIZADO PARA LIBROS |
| Número Internacional Normalizado del libro |
9789876426305 |
| 040 ## - FUENTE DE CATALOGACION |
| Agencia de catalogación original |
AR-BeUNQ |
| Idioma de catalogación |
ESPAÑOL |
| Agencia que realiza la transcripción |
AR-BeUNQ |
| Convenciones de la descripción |
aacr |
| 082 04 - NUMERO DE CLASIFICACION DECIMAL DEWEYMBER |
| Número de clasificación |
907 |
| Número de la edición |
21 |
| 245 00 - MENCION DE TITULO |
| Título |
Ciencias sociales |
| 250 ## - MENCION DE EDICION |
| Mención de edición |
1a ed., 5a reimpr. |
| 260 ## - PUBLICACION, DISTRIBUCION, ETC. |
| Lugar de publicación, distribución, etc. |
Ciudad Autónoma de Buenos Aires : |
| Nombre del editor, distribuidor, etc. |
Edelvives, |
| Fecha de publicación, distribución, etc |
2023 |
| 300 ## - DESCRIPCION FISICA |
| Extensión |
296 p. : |
| Otros detalles físicos |
il., fot., mapas ; |
| Dimensiones |
27 cm |
| 490 1# - MENCION DE SERIE |
| Mención de serie |
Convergente |
| 504 ## - NOTA DE BIBLIOGRAFIA, ETC. |
| Nota de bibliografía, etc. |
Bibliografía: p. 296 |
| 505 0# - NOTA DE CONTENIDO |
| Nota de contenido con formato preestablecido |
1. Tiempo y espacio: la historia y la geografía / por Analía Rizzi -- 2. Del origen de la Tierra a las primeras sociedades / por Analía Rizzi -- 3. Los grandes estados del Cercano y Lejano Oriente / por Analía Rizzi -- 4. El Antiguo Egipto / por Analía Rizzi -- 5. Los estados del Mediterráneo oriental / por Analía Rizzi -- 6. Los primeros estados americanos / por Analía Rizzi -- 7. Los grandes estados americanos / por Analía Rizzi -- 8. El origen del mundo griego / por Eduardo Minutella -- 9. De la Grecia clásica al Imperio macedónico / por Eduardo Minutella -- 10. La Antigua Roma: de los orígenes de la República / por Eduardo Minutella -- 11. La Roma Imperial / por Eduardo Minutella -- 12. Los comienzos de la Edad media / por Lorena Lardizábal -- 13. Oriente: continuidades y nuevos actores / por Lorena Lardizábal -- 14. El sistema feudal / por Lorena Lardizábal -- 15. El fin del mundo feudal / por Lorena Lardizábal. |
| 650 #7 - ASIENTO SECUNDARIO DE MATERIA - TERMINO TEMATICO |
| Término temático o nombre geográfico como elemento de entrada |
Ciencias sociales |
| Fuente del encabezamiento o términ |
toit |
| 650 #7 - ASIENTO SECUNDARIO DE MATERIA - TERMINO TEMATICO |
| Término temático o nombre geográfico como elemento de entrada |
Historia |
| Fuente del encabezamiento o términ |
spines |
| 650 #7 - ASIENTO SECUNDARIO DE MATERIA - TERMINO TEMATICO |
| Término temático o nombre geográfico como elemento de entrada |
Prehistoria |
| Fuente del encabezamiento o términ |
spines |
| 650 #7 - ASIENTO SECUNDARIO DE MATERIA - TERMINO TEMATICO |
| Término temático o nombre geográfico como elemento de entrada |
Historia antigua |
| Fuente del encabezamiento o términ |
spines |
| 650 #7 - ASIENTO SECUNDARIO DE MATERIA - TERMINO TEMATICO |
| Término temático o nombre geográfico como elemento de entrada |
Historia medieval |
| Fuente del encabezamiento o términ |
spines |
| 650 #7 - ASIENTO SECUNDARIO DE MATERIA - TERMINO TEMATICO |
| Término temático o nombre geográfico como elemento de entrada |
Geografía |
| Fuente del encabezamiento o términ |
spines |
| 650 #7 - ASIENTO SECUNDARIO DE MATERIA - TERMINO TEMATICO |
| Término temático o nombre geográfico como elemento de entrada |
Geografía política |
| Fuente del encabezamiento o términ |
spines |
| 650 #7 - ASIENTO SECUNDARIO DE MATERIA - TERMINO TEMATICO |
| Término temático o nombre geográfico como elemento de entrada |
Geografía física |
| Fuente del encabezamiento o términ |
spines |
| 650 #7 - ASIENTO SECUNDARIO DE MATERIA - TERMINO TEMATICO |
| Término temático o nombre geográfico como elemento de entrada |
Economía |
| Fuente del encabezamiento o términ |
spines |
| 650 #7 - ASIENTO SECUNDARIO DE MATERIA - TERMINO TEMATICO |
| Término temático o nombre geográfico como elemento de entrada |
Demografía |
| Fuente del encabezamiento o términ |
spines |
| 650 #7 - ASIENTO SECUNDARIO DE MATERIA - TERMINO TEMATICO |
| Término temático o nombre geográfico como elemento de entrada |
Enseñanza media |
| Fuente del encabezamiento o términ |
spines |
| 655 #7 - TERMINO DE INDIZACION - GENERO/FORMA |
| Datos o término principal de género/forma |
Manuales |
| Fuente del encabezamiento o término de indización |
spines |
| 830 #0 - ASIENTO SECUNDARIO DE SERIE--TITULO UNIFORME |
| Título uniforme |
Convergente (Edelvives) |
| 929 ## - DATOS DE ADQUISICION |
| Procedencia |
COMPRA |
| Proveedor |
Ciencia y Técnica |
| Orden de compra |
Compra 2023 Exp. 827-2000/2023 |
| Precio |
18000 |
| Fecha de recibido |
20240116 |
| Patrimonio UNQ |
PAT0081236 |
| Número de inventario |
62370 |
| Es copia |
1 |
| 929 ## - DATOS DE ADQUISICION |
| Procedencia |
COMPRA |
| Proveedor |
Ciencia y Técnica |
| Orden de compra |
Compra 2023 Exp. 827-2000/2023 |
| Precio |
18000 |
| Fecha de recibido |
20240116 |
| Patrimonio UNQ |
PAT0081237 |
| Número de inventario |
62371 |
| Es copia |
2 |
| 929 ## - DATOS DE ADQUISICION |
| Procedencia |
COMPRA |
| Proveedor |
Ciencia y Técnica |
| Orden de compra |
Compra 2023 Exp. 827-2000/2023 |
| Precio |
18000 |
| Fecha de recibido |
20240116 |
| Patrimonio UNQ |
PAT0081238 |
| Número de inventario |
62372 |
| Es copia |
3 |
| 929 ## - DATOS DE ADQUISICION |
| Procedencia |
COMPRA |
| Proveedor |
Ciencia y Técnica |
| Orden de compra |
Compra 2023 Exp. 827-2000/2023 |
| Precio |
18000 |
| Fecha de recibido |
20240116 |
| Patrimonio UNQ |
PAT0081239 |
| Número de inventario |
62373 |
| Es copia |
4 |
| 929 ## - DATOS DE ADQUISICION |
| Procedencia |
COMPRA |
| Proveedor |
Ciencia y Técnica |
| Orden de compra |
Compra 2023 Exp. 827-2000/2023 |
| Precio |
18000 |
| Fecha de recibido |
20240116 |
| Patrimonio UNQ |
PAT0081240 |
| Número de inventario |
62374 |
| Es copia |
5 |
| 942 ## - ELEMENTOS DE PUNTO DE ACCESO ADICIONAL (KOHA) |
| Tipo de ítem Koha |
Libros |
| Suppress in OPAC |
0 |